000 00446nam a2200109Ia 4500
008 171204s9999 xx 000 0 und d
245 _aCorruption, Good Governance And Economic Development: Contemporary Analysis And Case Studies
245 _cM A B Siddique and R N Ghosh
260 _c2015
650 _xASSURANCE PRINCIPLES, PROFESSIONAL ETHICS AND GOOD GOVERNANCE
856 _uhttp://down.ebook777.com/017/CorGooGovAndEcoDevConAnaAndCasStu.pdf
999 _c345647
_d345647